00312 a2200133 450000100060000002000060000604000260001210000480003824000250008624500200011130000070013136200090013865000310014750405 a  cAnchieta - Bela Vista aGuedes, Inês Isabel Stanisiere dos Santos10aÁguas da vidalpor10aÁguas da vida a330 a2005 4aLiteratura infanto-juvenil